• 首页
  • 本馆介绍
  • 公告通知
  • 最新文献
  • 馆藏检索
  • 电子资源
  • 读者导购
  • 参考咨询
  • 我的图书馆
  • 登录
  • 详细信息显示
  • 放入我的书架
  • 预约/预借图书
  • 作者相关作品
  • 分类相关作品
  • 丛书相关作品
  • 出版社相关作品

书目信息

  • 表格格式
  • 工作单格式
  • 卡片格式
题名:
廉政与勤政艺术
    
 
作者: 康超光 主编
分册:  
出版信息: 成都   电子科技大学出版社  1997
页数: 274页
开本: 21cm
丛书名: 现代秘书艺术全书
单 册:
中图分类: D691.2
科图分类:
主题词: 廉政建设--研究--通俗读物 , 廉政建设
电子资源:
ISBN: 7-81043-563-9
000 00842oam2 2200265 45
001 01200620000015
005 20070705165649.28
010    @a7-81043-563-9@dCNY214.00(全10册)
092    @aCN@b493187
100    @a20060506e20051997em y0chiy0120 ea
101 0  @achi
102    @aCN@b510000
105    @ak z 000yy
200 1  @a廉政与勤政艺术@9lian zheng yu qin zheng yi shu@f康超光主编
210    @a成都@c电子科技大学出版社@d1997@h2005重印
215    @a274页@d21cm
225 2  @a现代秘书艺术全书
330    @a本书主要介绍了廉政、勤政艺术概论、勤政内在要求——敬业精神、廉政自律——从政者的内功修养等。
461  0 @12001 @a现代秘书艺术全书
606 0  @a廉政建设@x研究@j通俗读物
606 0  @a廉政建设
690    @aD691.2@v4
701  0 @a康超光@9kang chao guang@4主编
801  0 @aCN@bLZJBOOK@c20070705
905    @a10447@dD691.2@e138
    
    廉政与勤政艺术/康超光主编.-成都:电子科技大学出版社,1997(2005重印)
    274页;21cm.-(现代秘书艺术全书)
    
    
    ISBN 7-81043-563-9:CNY214.00(全10册)
    本书主要介绍了廉政、勤政艺术概论、勤政内在要求——敬业精神、廉政自律——从政者的内功修养等。
●
相关链接 在E读中查询图书 在五车中查询图书 在当当中查询图书 在豆瓣中查询图书


正题名:廉政与勤政艺术     索取号:D691.2/138         预约/预借

序号 登录号 条形码 馆藏地/架位号 状态 备注
1 0563933   205639335   第一样本阅览室/ [索取号:D691.2/138] 在馆    
2 0563934   205639344   第一借阅区/ [索取号:D691.2/138] 在馆    
3 0563935   205639353   第一借阅区/ [索取号:D691.2/138] 在馆    
4 0563936   205639362   第一借阅区/ [索取号:D691.2/138] 在馆    
5 0563937   205639371   第一借阅区/ [索取号:D691.2/138] 在馆    
6 0563938   205639380   第一借阅区/ [索取号:D691.2/138] 在馆    
7 0563939   205639399   第一借阅区/ [索取号:D691.2/138] 在馆    
8 0563940   205639406   第一借阅区/ [索取号:D691.2/138] 在馆    
唐山师范学院图书馆 欢迎您!
大连网信软件有限公司© 版权所有